Introduction: Between utopias and dystopias, staying the course (notice n° 1741485)

détails MARC
000 -LEADER
fixed length control field 01637cam a2200205 4500500
005 - DATE AND TIME OF LATEST TRANSACTION
control field 20260322004600.0
041 ## - LANGUAGE CODE
Language code of text/sound track or separate title fre
042 ## - AUTHENTICATION CODE
Authentication code dc
100 10 - MAIN ENTRY--PERSONAL NAME
Personal name Jeannet, Monique
Relator term author
245 00 - TITLE STATEMENT
Title Introduction: Between utopias and dystopias, staying the course
260 ## - PUBLICATION, DISTRIBUTION, ETC.
Date of publication, distribution, etc. 2026.<br/>
500 ## - GENERAL NOTE
General note 61
520 ## - SUMMARY, ETC.
Summary, etc. This article provides a synthesis on the role of self-esteem and self-compassion in healthy aging. Healthy aging and successful aging are related but distinct concepts, both emphasizing positive aging trajectories. While healthy aging integrates a holistic view of physical, psychological, and social well-being, successful aging focuses on preserving functional capacities. Cognitive, motor, and sensory deficits may occur with age; however, it is now known that various lifestyle factors (physical activity, cognitive stimulation, a balanced diet, and diverse social interactions) can reduce these detrimental effects of aging and promote successful aging. A satisfactory self-perception also appears crucial for healthy aging. Optimizing self-esteem and promoting self-compassion could therefore be an effective strategy to address the challenges of aging. We further explore the potential of self-perception as a means of intervention for enhancing the well-being of older adults.
700 10 - ADDED ENTRY--PERSONAL NAME
Personal name Hoarau, Céline
Relator term author
700 10 - ADDED ENTRY--PERSONAL NAME
Personal name Hintea, Dorina
Relator term author
700 10 - ADDED ENTRY--PERSONAL NAME
Personal name Béhocaray, Laurence
Relator term author
700 10 - ADDED ENTRY--PERSONAL NAME
Personal name Cormont, Olivier
Relator term author
786 0# - DATA SOURCE ENTRY
Note Sociographe | 93 | 1 | 2026-02-27 | p. 9-13 | 1297-6628
856 41 - ELECTRONIC LOCATION AND ACCESS
Uniform Resource Identifier <a href="https://shs.cairn.info/journal-sociographe-2026-1-page-9?lang=en&redirect-ssocas=7080">https://shs.cairn.info/journal-sociographe-2026-1-page-9?lang=en&redirect-ssocas=7080</a>

Pas d'exemplaire disponible.

PLUDOC

PLUDOC est la plateforme unique et centralisée de gestion des bibliothèques physiques et numériques de Guinée administré par le CEDUST. Elle est la plus grande base de données de ressources documentaires pour les Étudiants, Enseignants chercheurs et Chercheurs de Guinée.

Adresse

627 919 101/664 919 101

25 boulevard du commerce
Kaloum, Conakry, Guinée

Réseaux sociaux

Powered by Netsen Group @ 2025